=LDR 00000nam 2200000 4500 =001 INLIS000000000809992 =005 20250924093127 =035 ##$$a 0010-0925000117 =007 ta =008 250924###########################0###### =020 ##$$a 9789791490948 =082 ##$$a 519.5 =084 ##$$a 519.5 MAR s =245 ##$$a Statistika dasar mengolah data /$c Maria Noor Hidayat =260 ##$:$b Surabaya : Je Pe Press Media Utama., 2017